Does the Dog Die? - Statistics

General Stats
  • This quiz has been taken 20 times
  • The average score is 18 of 29
Answer Stats
Hint Answer % Correct
Bolt 🐶
88%
Beethoven 🐶
88%
Underdog 🐶
82%
Beverly Hills Chihuahua 🐶
82%
Air Bud 🐶
82%
The Plague Dogs ☠️
82%
Old Yeller ☠️
76%
Grown Ups 🐶
76%
101 Dalmatians 🐶
76%
Cujo ☠️
76%
Marley and Me ☠️
71%
Up 🐶
71%
John Wick ☠️
71%
White Fang ☠️
65%
The Fox and the Hound 🐶
65%
Animal Farm ☠️
65%
Cowboy Bebop 🐶
65%
Homeward Bound: The Incredible Journey 🐶
65%
Of Mice and Men ☠️
59%
Homer’s Odyssey ☠️
59%
Frankenweenie ☠️
59%
The Call of the Wild ☠️
47%
To Kill A Mockingbird ☠️
47%
Deadpool and Wolverine 🐶
47%
Watership Down 🐶
47%
Fullmetal Alchemist ☠️
47%
John Wick: Chapter 4 🐶
41%
Turner and Hooch ☠️
35%
Lady and the Tramp ☠️
12%
No matching quizzes found
Score Distribution
Percent of People with Each Score
Percentile by Number Answered
Your Score History
You have not taken this quiz